اردو کی کلاسیکیشعرا پر تنقیدی مضامین : (Record no. 108738)

MARC details
000 -LEADER
fixed length control field 00960nam a22002657a 4500
005 - DATE AND TIME OF LATEST TRANSACTION
control field 20170123162344.0
010 ## - LIBRARY OF CONGRESS CONTROL NUMBER
LC control number 324600
020 ## - INTERNATIONAL STANDARD BOOK NUMBER
Terms of availability 3.00
035 ## - SYSTEM CONTROL NUMBER
System control number 324600
037 ## - SOURCE OF ACQUISITION
Source of stock number/acquisition Cen Lib/Ret
040 ## - CATALOGING SOURCE
Original cataloging agency DPL
Language of cataloging UR
082 ## - DEWEY DECIMAL CLASSIFICATION NUMBER
Classification number 920
Item number ا ی م
100 ## - MAIN ENTRY--PERSONAL NAME
Personal name ایم. حبیب خان
9 (RLIN) 516
245 ## - TITLE STATEMENT
Title اردو کی کلاسیکیشعرا پر تنقیدی مضامین :
Statement of responsibility, etc ایم. حبیب خان
Remainder of title حسرت سے فراق تک /
246 ## - VARYING FORM OF TITLE
Title proper/short title Udu ki classici shaira par tanqeedi mazameen : Hsarat se Firaq tak /
Remainder of title by M. Habeeb Khan
260 ## - PUBLICATION, DISTRIBUTION, ETC. (IMPRINT)
Place of publication, distribution, etc علیگڑھ
Name of publisher, distributor, etc انڈیا بک ہاؤس
Date of publication, distribution, etc 1963
270 ## - ADDRESS
City علیگڑھ
Address قاضی پاڑہ
300 ## - PHYSICAL DESCRIPTION
Extent 176p.
Dimensions 17cm(Hb)
500 ## - GENERAL NOTE
General note کتابیات
650 ## - SUBJECT ADDED ENTRY--TOPICAL TERM
Topical term or geographic name as entry element ادب -- اردو
9 (RLIN) 129782
650 ## - SUBJECT ADDED ENTRY--TOPICAL TERM
Topical term or geographic name as entry element اردو تنقیدی مضامین
9 (RLIN) 114356
650 ## - SUBJECT ADDED ENTRY--TOPICAL TERM
Topical term or geographic name as entry element Literature -- Urdu
9 (RLIN) 129783
650 ## - SUBJECT ADDED ENTRY--TOPICAL TERM
Topical term or geographic name as entry element Urdu critical articles
9 (RLIN) 114358
942 ## - ADDED ENTRY ELEMENTS (KOHA)
Source of classification or shelving scheme Dewey Decimal Classification
Koha item type Urdu Bks
Classification part 920
Call number suffix ا ی م
Holdings
Withdrawn status Lost status Damaged status Not for loan Home library Current library Date acquired Source of acquisition Cost, normal purchase price Total Checkouts Full call number Barcode Date last seen Copy number Cost, replacement price Price effective from Koha item type
        Central Library Central Library 03/02/2016 Cen Lib/Ret 15.00   920 ا ی م 324600 03/02/2016 1 15.00 03/02/2016 Urdu Bks

© Delhi Public Library
Hit Counter
free hit counter